LEADER 00961cam0 22002771 450 001 SOBE00028954 005 20210709073710.0 100 $a20121204d1954 |||||ita|0103 ba 101 $aita 102 $aIT 200 1 $aEconomia$fPaul A. Samuelson$gtraduzione e appendice di Pietro Castiglioni 210 $aTorino$cUTET$d1954 215 $aXX, 681 p.$cill.$d25 cm 225 2 $aSociologi ed economisti$v15 410 1$1001LAEC00024493$12001 $a*Sociologi ed economisti$v15 700 1$aSamuelson$b, Paul Anthony$3SOBA00005337$4070$03816 702 1$aCastiglioni, Pietro$3SOBA00005338$4070 801 0$aIT$bUNISOB$c20210709$gRICA 850 $aUNISOB 852 $aUNISOB$j330|Coll|5|K$m57953 912 $aSOBE00028954 940 $aM 102 Monografia moderna SBN 941 $aM 957 $a330|Coll|5|K$b000013$gSI$d57953$racquisto$1pregresso2$2UNISOB$3UNISOB$420121204110043.0$520210709073710.0$6Spinosa 996 $aEconomics$916316 997 $aUNISOB